00713 2200241 4500001002100000005001700021008004100038020002200079035002400101040001200125082001400137084002000151100001700171245010300188250001100291260003400302300003800336504003100374650002300405700000900428850001200437990002200449INLIS00000000002516820170131105843.0  a978-602-371-289-2 0010-011700000000668 aYOPDYOG 223a658.3 aDEP 658.3 Yas K aYASIR HASKAS aKepuasan kerja di perguruan tinggi kesehatan di Sulawesi Selatanc/ Yasir Haskas; penyunting, Mash aCet. 1 aYogyakartabLeutikaprioc2016 aviii, 154 hlm.b: ilus.c; 21 cm. aBibliografi : hlm. 123-151 aAnalisis Pekerjaan aMash aYOPDYOG aCB-D.11/2016-1062